[Event "Taastrup Winter op 3rd"]
[Site "Taastrup"]
[Date "2018.01.04"]
[Round "5"]
[White "Madsen, Ole Bang"]
[Black "Morling, Aase"]
[Result "1/2-1/2"]
[WhiteElo "1495"]
[BlackElo "1501"]
[PlyCount "138"]
[EventDate "2017.11.09"]
[EventType "swiss"]
[EventRounds "9"]
[EventCountry "DEN"]
[SourceTitle "EXT 2021"]
[Source "ChessBase"]
[SourceDate "2020.10.23"]
[SourceVersion "1"]
[SourceVersionDate "2020.10.23"]
[SourceQuality "1"]

1. b3 e5 2. Bb2 Nc6 3. e3 d6 4. c4 Nf6 5. g3 Be7 6. Bg2 0-0 7. Nf3 Bg4 8. 0-0 Qd7 9. Qc2 Bh3 10. d3 Bxg2 11. Kxg2 h6 12. Nbd2 Nh7 13. Rad1 Ng5 14. a3 Nxf3 15. Nxf3 Bf6 16. e4 Nd4 17. Nxd4 exd4 18. f4 c5 19. Rde1 Qc6 20. Kg1 Rfe8 21. Qd1 a5 22. Bc1 Kh7 23. Bd2 b6 24. Rf2 Qd7 25. Qf3 Qb7 26. Rfe2 Re7 27. Qh5 g6 28. Qd5 Qxd5 29. cxd5 Rae8 30. Rb1 Rb7 31. Kg2 g5 32. Kf3 Rg8 33. e5 g4+ 34. Kg2 dxe5 35. fxe5 Re7 36. Rbe1 Rge8 37. e6 Kg7 38. Re4 h5 39. Rf1 fxe6 40. dxe6 Rxe6 41. Rfe1 Rxe4 42. dxe4 Kg6 43. Bf4 Be5 44. Kf1 Kf6 45. Re2 Rc8 46. Ke1 c4 47. bxc4 Rxc4 48. Rb2 Rc6 49. Rb5 Re6 50. Bxe5+ Rxe5 51. Rxb6+ Kg5 52. Kd2 h4 53. Kd3 hxg3 54. hxg3 a4 55. Ra6 Rb5 56. Rxa4 Rb3+ 57. Kxd4 Rxg3 58. Ra8 Rg1 59. Ke5 g3 60. Rg8+ Kh4 61. a4 Ra1 62. Kf4 Rf1+ 63. Ke3 Ra1 64. Kf3 Rf1+ 65. Kg2 Rf2+ 66. Kg1 Ra2 67. Rh8+ Kg4 68. Ra8 Kf4 69. a5 Kxe4 1/2-1/2

[Event "Taastrup Spil Nar Vil 12"]
[Site "Taastrup"]
[Date "2017.04.20"]
[Round "3"]
[White "Refsgaard, Kaj"]
[Black "Madsen, Ole Bang"]
[Result "1-0"]
[WhiteElo "1637"]
[BlackElo "1467"]
[PlyCount "76"]
[EventDate "2017.04.06"]
[EventType "swiss"]
[EventRounds "7"]
[EventCountry "DEN"]
[SourceTitle "EXT 2024"]
[Source "ChessBase"]
[SourceDate "2023.10.10"]
[SourceVersion "1"]
[SourceVersionDate "2023.10.10"]
[SourceQuality "1"]

1. d4 d5 2. Bf4 Bf5 3. e3 Nf6 4. Nf3 Nh5 5. Bg3 Nxg3 6. hxg3 h6 7. Bd3 Bg4 8. Nbd2 Nd7 9. Rc1 e5 10. dxe5 Nxe5 11. Be2 Nxf3+ 12. Nxf3 Bb4+ 13. c3 Ba5 14. Qa4+ c6 15. Qxg4 Qf6 16. Nd4 0-0 17. Qf5 Qe7 18. Qg4 Kh8 19. Bd3 Qf6 20. Be2 Rae8 21. Qf3 Qxf3 22. Nxf3 Re6 23. Rh3 Bd8 24. g4 Bg5 25. Nd4 Re7 26. Nf3 Bf6 27. g5 Be5 28. gxh6 g6 29. Nxe5 Rxe5 30. Rh4 Kh7 31. c4 dxc4 32. Rcxc4 c5 33. Rhe4 Rh5 34. Re7 b5 35. Rf4 Kg8 36. Bxb5 Rxh6 37. Rxa7 g5 38. Rf5 g4 1-0

[Event "Taastrup Winter 2nd Nederste"]
[Site "Taastrup"]
[Date "2017.03.11"]
[Round "9"]
[White "Madsen, Ole Bang"]
[Black "Hansen, Jacob Brendstrup"]
[Result "1-0"]
[WhiteElo "1459"]
[BlackElo "1186"]
[PlyCount "104"]
[EventDate "2016.11.11"]
[EventType "swiss"]
[EventRounds "9"]
[EventCountry "DEN"]
[SourceTitle "EXT 2024"]
[Source "ChessBase"]
[SourceDate "2023.10.10"]
[SourceVersion "1"]
[SourceVersionDate "2023.10.10"]
[SourceQuality "1"]

1. e4 e5 2. Nf3 Nc6 3. c3 Nf6 4. Qc2 d6 5. Be2 g6 6. 0-0 Bg7 7. d3 0-0 8. Bg5 Be6 9. h3 Qd7 10. Nh2 a6 11. Nd2 Nh5 12. Rad1 f6 13. Bxh5 fxg5 14. Be2 Nd8 15. Ng4 c5 16. b3 Nf7 17. Nf3 Bxg4 18. hxg4 Qxg4 19. Nh2 Qh4 20. Bg4 Rae8 21. g3 Qh6 22. Kg2 Bf6 23. Rh1 Qg7 24. Nf1 Nh6 25. Be2 Re7 26. Rh2 Nf7 27. Ne3 Nd8 28. Rdh1 Qh8 29. Ng4 h5 30. Qd2 Rh7 31. Nxf6+ Qxf6 32. f3 g4 33. Rf1 Qg7 34. fxg4 Rxf1 35. Bxf1 hxg4 36. Rxh7 Qxh7 37. Qg5 Qh3+ 38. Kf2 Qh2+ 39. Bg2 Nf7 40. Qxg6+ Kf8 41. Qxg4 Qh8 42. Qc8+ Kg7 43. Qxh8+ Kxh8 44. Bh3 b5 45. Kf3 c4 46. Bf1 cxb3 47. axb3 a5 48. Kg4 Kh7 49. Kf5 Kg7 50. Be2 Kf8 51. Ke6 Ke8 52. Bh5 Kf8 1-0

[Event "Taastrup Spil Naar Vil 11"]
[Site "Taastrup"]
[Date "2016.05.05"]
[Round "5"]
[White "Larsen, Alex"]
[Black "Madsen, Ole Bang"]
[Result "0-1"]
[WhiteElo "1457"]
[BlackElo "1521"]
[PlyCount "72"]
[EventDate "2016.03.31"]
[EventType "swiss"]
[EventRounds "7"]
[EventCountry "DEN"]
[SourceTitle "EXT 2024"]
[Source "ChessBase"]
[SourceDate "2023.10.10"]
[SourceVersion "1"]
[SourceVersionDate "2023.10.10"]
[SourceQuality "1"]

1. c4 Nf6 2. Nc3 c6 3. g3 e6 4. Bg2 Be7 5. e3 d5 6. cxd5 exd5 7. d3 Be6 8. Nge2 Nbd7 9. Nd4 0-0 10. f4 Bg4 11. Qc2 Bc5 12. h3 Bxd4 13. hxg4 Bxc3+ 14. bxc3 Nxg4 15. d4 Re8 16. Qxh7+ Kf8 17. Ba3+ c5 18. Qh8+ Ke7 19. Qh4+ Ndf6 20. Bxc5+ Kd7 21. 0-0-0 Qa5 22. Kb2 Qb5+ 23. Ka1 Nxe3 24. Bh3+ Kc6 25. Rd2 Rh8 26. Qg5 Rxh3 27. Rxh3 Qf1+ 28. Kb2 Nc4+ 29. Kc2 Qxh3 30. Qxg7 Qf5+ 31. Rd3 Qg6 32. Qxg6 fxg6 33. Be7 Ng4 34. Kb3 a5 35. Bg5 Re8 36. a4 Re2 0-1

[Event "Taastrup op"]
[Site "Taastrup"]
[Date "2001.02.17"]
[Round "9"]
[White "Madsen, Ole Bang"]
[Black "Nikolaisen, Oluf"]
[Result "1-0"]
[WhiteElo "1413"]
[BlackElo "1311"]
[PlyCount "43"]
[EventDate "2001.01.19"]
[EventType "swiss"]
[EventRounds "9"]
[EventCountry "DEN"]
[SourceTitle "EXT 2018"]
[Source "ChessBase"]
[SourceDate "2017.10.13"]
[SourceVersion "1"]
[SourceVersionDate "2017.10.13"]
[SourceQuality "1"]

1. e4 e5 2. Nf3 d6 3. d4 Nd7 4. Bc4 h6 5. dxe5 dxe5 6. Qd5 Qe7 7. Nc3 Ngf6 8. Qd2 Nxe4 9. Bxf7+ Qxf7 10. Nxe4 Bd6 11. Nxd6+ cxd6 12. Qxd6 Qe7 13. Qxe7+ Kxe7 14. Be3 e4 15. Nd2 Nf6 16. 0-0-0 Be6 17. f3 Rhe8 18. fxe4 Ng4 19. Bd4 Bxa2 20. h3 Nf6 21. b3 Nxe4 22. Rhe1 1-0

[Event "Taastrup op"]
[Site "Taastrup"]
[Date "2000.02.11"]
[Round "8"]
[White "Theander, Stig"]
[Black "Madsen, Ole Bang"]
[Result "1/2-1/2"]
[WhiteElo "1546"]
[BlackElo "1404"]
[PlyCount "68"]
[EventDate "2000.01.21"]
[EventType "swiss"]
[EventRounds "9"]
[EventCountry "DEN"]
[SourceTitle "EXT 2023"]
[Source "ChessBase"]
[SourceDate "2022.10.05"]
[SourceVersion "1"]
[SourceVersionDate "2022.10.05"]
[SourceQuality "1"]

1. e4 e5 2. f4 exf4 3. Nf3 d5 4. exd5 Bg4 5. Bb5+ Nd7 6. 0-0 Bd6 7. d4 Qf6 8. Nc3 0-0-0 9. Ne4 Qg6 10. Bd3 f5 11. Neg5 Bxf3 12. Nxf3 h5 13. Nh4 Qf6 14. Nxf5 g5 15. c4 Ne7 16. Nxd6+ cxd6 17. Be4 Nf5 18. Bxf5 Qxf5 19. Qa4 Kb8 20. Be3 Qe4 21. Bf2 f3 22. Rfe1 Qf5 23. Qa3 Nb6 24. Qxf3 Qxf3 25. gxf3 Nxc4 26. Re7 h4 27. Rc1 Rc8 28. b3 Nd2 29. Rxc8+ Kxc8 30. Kg2 h3+ 31. Kh1 Rf8 32. Re2 Nxf3 33. Bg3 Nxd4 34. Re1 Rf6 1/2-1/2

[Event "Taastrup op"]
[Site "Taastrup"]
[Date "2000.01.29"]
[Round "6"]
[White "Radovic, Slobodan"]
[Black "Madsen, Ole Bang"]
[Result "0-1"]
[WhiteElo "1483"]
[BlackElo "1404"]
[PlyCount "81"]
[EventDate "2000.01.21"]
[EventType "swiss"]
[EventRounds "9"]
[EventCountry "DEN"]
[SourceTitle "EXT 2001"]
[Source "ChessBase"]
[SourceDate "2000.11.22"]
[SourceVersion "1"]
[SourceVersionDate "2000.11.22"]
[SourceQuality "1"]

1. e4 e5 2. Nf3 Nc6 3. Bb5 Nf6 4. 0-0 d6 5. Re1 Be7 6. d4 Bd7 7. d5 Nb8 8. a4 0-0 9. h3 c6 10. dxc6 bxc6 11. Bd3 h6 12. Nbd2 Be6 13. c4 Nbd7 14. b3 Rb8 15. Rb1 Nh5 16. Nf1 Nc5 17. Bc2 Nf6 18. Ng3 Nh7 19. Be3 Qa5 20. Nf5 Bxf5 21. exf5 Rfd8 22. Qc1 Qc7 23. Bxc5 dxc5 24. Nxe5 Bg5 25. Qb2 Rd2 26. Nf3 Bf6 27. Qc1 Rd7 28. Qe3 Qa5 29. Red1 Re7 30. Qd2 Bc3 31. Qd6 Rbe8 32. Qxc6 Ng5 33. Nxg5 hxg5 34. Rd5 Re1+ 35. Rxe1 Rxe1+ 36. Kh2 f6 37. Qc8+ Kh7 38. Rxc5 Be5+ 39. g3 Qd2 40. Kg2 Qxc2 41. Qe8 0-1